Click the U.S. States on a Borderless Map - Statistics

General Stats
  • This quiz has been taken 2,920 times
  • The average score is 38 of 50
Answers on the Map
Answers color-coded by a green-red scale on the quiz's map according to % correct below.
 
Answer Stats
Answer % Correct
Alaska
85%
Florida
85%
Hawaii
85%
Texas
85%
California
84%
Maine
82%
Montana
82%
Washington
82%
North Carolina
80%
Michigan
79%
Nevada
79%
New Mexico
79%
Oregon
79%
Arizona
78%
Idaho
78%
New York
78%
North Dakota
78%
Massachusetts
77%
Minnesota
77%
Pennsylvania
77%
Georgia
76%
Louisiana
76%
South Carolina
76%
Arkansas
75%
Illinois
75%
Indiana
75%
Kentucky
75%
Tennessee
75%
Virginia
75%
West Virginia
75%
Alabama
74%
Connecticut
74%
Mississippi
74%
New Hampshire
74%
New Jersey
74%
Ohio
74%
South Dakota
74%
Rhode Island
73%
Wisconsin
73%
Iowa
72%
Kansas
72%
Maryland
72%
Utah
72%
Vermont
72%
Oklahoma
71%
Colorado
70%
Missouri
70%
Nebraska
69%
Wyoming
68%
Delaware
67%
No matching quizzes found
Score Distribution
Percent of People with Each Score
Percentile by Number Answered
Your Score History
You have not taken this quiz